| 000 | 01409nam a22004097a 4500 | ||
|---|---|---|---|
| 003 | CHAP | ||
| 005 | 20220817042254.0 | ||
| 008 | 971013s1995 r 00010 d | ||
| 010 | _a39183 | ||
| 011 | _a40155 | ||
| 035 | _a44280 | ||
| 040 | _cCHAP | ||
| 090 | _aTesis | ||
| 100 | 0 | 0 |
_aBañuelos González, Fortunato. _910003 |
| 245 | _aProducción de frijol intercalado con cempasuchil en plantaciones de eucalipto | ||
| 260 |
_aChapingo, Méx. : _bEl autor, _c1995 |
||
| 300 |
_a194 h. _b: ilus. |
||
| 502 | _aTesis (Ing. Agr. Esp. en Fitotecnia) -- UACH. Departamento de Fitotecnia | ||
| 590 |
_aALEPH _b10 _c20130110 _lUCH01 _h1306 |
||
| 590 |
_aBATCH-UPD _b10 _c20130110 _lUCH01 _h0156 |
||
| 590 |
_aBATCH-UPD _b10 _c20130110 _lUCH01 _h1731 |
||
| 590 |
_aBATCH-UPD _b10 _c20130409 _lUCH01 _h2159 |
||
| 590 |
_aBATCH-UPD _b10 _c20130410 _lUCH01 _h1112 |
||
| 590 |
_aBATCH-UPD _b10 _c20130913 _lUCH01 _h2206 |
||
| 590 |
_aBATCH-UPD _b10 _c20130914 _lUCH01 _h1333 |
||
| 590 |
_aCONVERSION _b10 _c20130109 _lUCH01 _h1322 |
||
| 650 | 1 | 4 |
_aAgroforestería. _92156 |
| 650 | 1 | 4 |
_aCempazúchil. _920947 |
| 650 | 1 | 4 |
_aCultivos asociados. _930370 |
| 650 | 1 | 4 | _aEucalipto. |
| 650 | 1 | 4 |
_aFrijol _xRendimiento. _943429 |
| 700 | 0 |
_aColores Aparicio, Simón Leobardo. _925475 |
|
| 901 | _aBK | ||
| 942 | _cFOLL | ||
| 949 |
_bBC _cTES _d-101459 _eTS1 _h27721 _i44280 _si |
||
| 949 |
_bBC _cTES _d-101460 _eTS2 _fc.2 _h27722 _i44280 _si |
||
| 999 |
_c39183 _d39183 |
||